| 000 | 01242nam a22003257a 4500 | ||
|---|---|---|---|
| 001 | 1798 | ||
| 005 | 20231002090554.0 | ||
| 020 | _a9780545528801 | ||
| 040 |
_aDLC _cDLC _dDLC _beng |
||
| 050 | 0 | 0 |
_aPZ7.E72514 _bFam 2010 |
| 082 | 0 | 0 |
_a[Fic] _222 |
| 100 | 1 | _aEpstein, Adam Jay | |
| 245 | 1 | 4 |
_aThe familiars / _cAdam Jay Epstein, Andrew Jacobson ; art by Peter Chan & Kei Acedera. |
| 260 |
_aNew York : _bScholastic, _c2011 |
||
| 300 |
_a360 pages : _billustrations, maps ; _c22 cm |
||
| 505 | _aQ | ||
| 520 | _aWhen a scrappy alley cat named Aldwyn passes himself off as a magical animal companion to Jack, a young wizard in training, Aldwyn and his fellow "familiars," a know-it-all blue jay and bumbling tree frog, must save the kingdom after the evil queen of Vastia kidnaps Jack and two other wizards. | ||
| 521 | 1 |
_a920
_bLexile |
|
| 521 | 1 |
_aQ
_bRaz-Plus |
|
| 650 | 1 |
_aCats _vFiction. |
|
| 650 | 1 |
_aMagic _vFiction. |
|
| 650 | 1 |
_aWizards _vFiction. |
|
| 650 | 1 |
_aAdventure and adventurers _vFiction. |
|
| 650 | 1 | _aFantasy. | |
| 700 | 1 | _aJacobson, Andrew. | |
| 700 | 1 |
_aChan, Peter, _d1967- _eillustrator |
|
| 700 | 1 |
_aAcedera, Kei, _eillustrator |
|
| 906 |
_a7 _bcbc _corignew _d1 _eecip _f20 _gy-gencatlg |
||
| 942 |
_2ddc _cBK _n0 |
||
| 999 |
_c1798 _d1798 |
||